000 00837nam a2200253Ia 4500
003 OSt
005 20220923221536.0
006 a|||||r|||| 00| 0
007 ta
008 RAJ
024 _a198,016
037 _cTextual
040 _aARTS
_cARTS
_bRAJ
041 _2RAJ
_aRAJ
082 _aO1528,1LMI,MY, 152M1
100 _aमीठू लाल; शेखावत, सूरज सिंह
_9162209
245 0 _aमांडण युद्व
246 _aMāanḍaṇ yudva
260 _aजयपुर
_b विवेक पब्लि0 हा0
_c1981
300 _a148पृृ0
_ccm.
650 _aराजस्थानी साहित्य
942 _hO1528,1LMI,MY, 152M1
_cTEXL
_2CC
999 _c349886
_d349886